Регионална библиотека "Любен Каравелов" - Русе

Коледно вълшебство (Запис номер 526409)

MARC детайли
000 -Лидер
Контролно поле с фиксирана дължина 01443nam a2200289 a 4500
003 - Код на организацията, давaща контролен номер
Контролно поле BLK
005 - Дата и час на последна редакция
Контролно поле 20250205111633.0
008 - Елементи от данни с фиксирана дължина
fixed length control field 230505b bu |||||||||| 00| | bu d
020 ## - Международен стандартен номер на книга ISBN
Международен стандартен номер на книга ISBN 978-619-92875-1-4
040 ## - Източник на каталожния запис
Идентификатор на билиотеката - собственик на записа BLK
041 ## - Код за език
Код за езика на текст/звукозапис или на отделно заглавие Български
Код за езика КДБФ Български
080 ## - УДК
Текстов определител УДК Българска литература
УДК код - определител по УДК 821.163.2
УДК определител -93-34
УДК - код + определител 821.163.2-93-34
100 ## - Редна дума - Автор
R(LIN) 487653
Автор Мъсарлиева, Виргиния Милкова
Авторска отговорност първи автор
139 ## - Редно поле
Редна дума Мъсарлиева, Виргиния Милкова
245 ## - Сведения за заглавието
Заглавие Коледно вълшебство
Редно поле (дума) Виргиния Василева ; ил. Влади Видал
257 ## - Страна на издаване
Страна на създаване/издаване България
260 ## - Област на издателските данни
9 (RLIN) 402429
Място на издаване, разпространение и проч. Варна
Име на издателя, разпространителя и проч. Фонд. Карин дом
Година на издаване 2024
300 ## - Физическа характеристика
Страници 20 с.
Илюстрации и др. с цв. ил.
Размери/Мащаб 21 x 21 см
380 ## - Жанр
Жанр Детска худож. лит.
490 ## - СЕРИИ (Колекции)
9 (RLIN) 487654
Име на серия Поредица Карин, Слончо и суперсилите
500 ## - Общи забележки
Забележка Възприетата форма на името на авт. Виргиния Василева е Виргиния Милкова Мъсарлиева<br/>Влади Видал - псевд. на ил. Владислава Видинова<br/>Биогр. данни за авт. отбелязани на гърба на кор.
700 ## - Други автори (авторска отговорност)
9 (RLIN) 309536
Лично име Видинова, Владислава
Автороска отговорност (Описва отношението между автора и произведението) худож.
852 ## - Местоположение
Форматна сигнатура Цб 326108
856 ## - Електронен адрес и достъп
Инструкция (цена за достъп) 0.00
Права за достъп disable
942 ## - АРТИКУЛИ
Вид на библиотечния материал Книги
Скрит в OPAC Не
Периодичен библиозапис Да
944 ## - СЪЗДАВАНЕ И РЕДАКЦИЯ на ЗАПИСА
Дата на регистрацията/редакция Нора Радева
Служител, извършил регистрацията/редакцията 30545
Статус, дата на статуса Нора Радева
Създаване/Редакция
999 ## - СИСТЕМНИ КОНТРОЛНИ НОМЕРА
Koha biblionumber 526409
Koha biblioitemnumber 526409
Наличности
Код за отписване Код за изгубен артикул Източник на класификационната схема Код за повреда Коз за рестрикции Код за отдаване Артикулен № Име на библиотеката - собственик Име на библиотеката, в която се намира в момента Статус (Текущо местоположение) Дата на вписване в системата Местоположение - отдел Цена в лева Инвентарен номер Систематично азбучна сигнатура Баркод Цена в евро Служебен тип на артикула
  Не е изгубен Universal Decimal Classification Не е повреден само за читалня ползва се в читалня 960575 Регионална библиотека "Любен Каравелов" Русе Регионална библиотека "Любен Каравелов" Русе Хранилище 2025-02-10 Хранилище 15.00 120000917740 Цб 326108 120000917740 7.67 Книги
Vip Innovations Ltd, Rousse, Bulgaria 2025